Statistics for Countries That Border Pacific Ocean

Click here to take the quiz!

General Stats

  • This quiz has been taken 35 times
  • The average score is 38 of 42

Answer Stats

Answer% Correct
Australia
100%
Canada
100%
Guatemala
100%
Panama
100%
Chile
97%
Honduras
97%
Japan
97%
Mexico
97%
Nauru
97%
New Zealand
97%
Russia
97%
United States
97%
East Timor
94%
Ecuador
94%
El Salvador
94%
Fiji
94%
Indonesia
94%
Malaysia
94%
Nicaragua
94%
Vanuatu
94%
Cambodia
91%
China
91%
Colombia
91%
Costa Rica
91%
Marshall Islands
91%
Palau
91%
Philippines
91%
Vietnam
91%
Brunei
88%
North Korea
88%
Papua New Guinea
88%
Peru
88%
Solomon Islands
88%
South Korea
88%
Thailand
88%
Samoa
85%
Singapore
85%
Taiwan
85%
Tuvalu
85%
Kiribati
82%
Tonga
82%
Federated States Of Micronesia
59%

Score Distribution

Percentile by Number Answered

Percent of People with Each Score

Your Score History

You have not taken this quiz